000 00444nam a2200145Ia 4500
008 231129s2018||||xx |||||||||||||| ||spa||
020 _a978-958-30-5742-7
040 _bspa
082 _a540.7 M636c
100 _aMihajilov Krstev Tatjana
245 0 _a50 experimentos de quí­mica : ¡Descubre el mágico mundo de la quí­mica!
260 _c2018
264 _aBogotá : Panamericana
942 _2ddc
_cBKS
999 _c4257
_d4257